LEADER 01084nam0-22003491i-450- 001 990007957240403321 005 20080605094003.0 010 $a88-06-15844-9 035 $a000795724 035 $aFED01000795724 035 $a(Aleph)000795724FED01 035 $a000795724 100 $a20041123d2001----km-y0itay50------ba 101 1 $aita 102 $aIT 105 $aa---a---001yy 200 1 $aPsicopatologia del bambino e dell'adolescente$fMaurice Despinoy 210 $aTorino$cEinaudi$dc2001 215 $aXVI, 286 p.$d20 cm 225 1 $aPiccola biblioteca Einaudi$hNuova serie$iPsicologia, psicoanalisi, psichiatria$v108 454 0$12001$aPsychopathologie de l'enfant et de l'adolescent$931550 610 0 $aPsicopatie$aInfanzia 610 0 $aAdolescenza$aPsicopatologia 676 $a618.9289 700 1$aDespinoy,$bMaurice$0496331 801 0$aIT$bUNINA$gRICA$2UNIMARC 901 $aBK 912 $a990007957240403321 952 $aP.1 PSV 253$fFLFBC 959 $aFLFBC 996 $aPsychopathologie de l'enfant et de l'adolescent$931550 997 $aUNINA LEADER 01064nam0-22002891i-450 001 990005051590403321 005 20230222154211.0 035 $a000505159 035 $aFED01000505159 035 $a(Aleph)000505159FED01 100 $a19990530g19699999km-y0itay50------ba 101 0 $afre 102 $aCH 105 $ay-------001yy 200 1 $aJean Muret et ses amis Nicolas de Clamanges et Jean de Montreuil$eContribution a l'ètude des rapports entre les humanistes de Paris et ceux d'Avignon$e(1394-1420)$fEzio Ornato 210 $aGenève$cLibr. Droz$d1969 215 $aXVIII, 281 p.$d24 cm 225 1 $aCentre de Recherches d'Histoire et de Philologie$v5 300 $aOuvrage publié avec le concours du Centre National de la Recherche Scientifique (al front.) 700 1$aOrnato,$bEzio$0157914 801 0$aIT$bUNINA$gRICA$2UNIMARC 901 $aBK 912 $a990005051590403321 952 $aMB 324$bFil.Mod. 16652$fFLFBC 959 $aFLFBC 996 $aJean Muret et ses amis Nicolas de Clamanges et Jean de Montreuil$9532626 997 $aUNINA